|
|
|
|
| LEADER |
01185nam a2200265 a 4500 |
| 001 |
591050 |
| 008 |
091008s1983 enka b 000 0 eng d |
| 020 |
|
|
|a 0946279004 (pbk.)
|
| 020 |
|
|
|a 090732004x
|
| 040 |
|
|
|a DNLM
|c DNLM
|
| 082 |
0 |
0 |
|a 362.1/09172/4
|2 19
|
| 245 |
0 |
2 |
|a A Cry for health :
|b poverty and disability in the Third World /
|c edited by Oliver Shirley.
|
| 260 |
|
|
|a Frome, Somerset :
|b Third World Group for Disabled People and Appropriate Health Resources and Technologies Action Group,
|c 1983.
|
| 300 |
|
|
|a 96 p. :
|b ill.
|
| 504 |
|
|
|a Bibliography: p. 91-95.
|
| 541 |
1 |
|
|e 00004330
|
| 650 |
|
0 |
|a Social medicine
|z Developing countries.
|
| 650 |
|
0 |
|a Public health
|z Developing countries.
|
| 650 |
|
0 |
|a Medical care
|z Developing countries.
|
| 700 |
1 |
|
|a Shirley, Oliver.
|
| 710 |
2 |
|
|a Third World Group for Disabled People.
|
| 710 |
2 |
|
|a Appropriate Health Resources & Technologies Action Group.
|
| 852 |
4 |
|
|a Ayesha Abed Library
|j General Shelf.
|
| 999 |
|
|
|c 4357
|d 4357
|
| 952 |
|
|
|0 0
|1 0
|2 ddc
|4 0
|6 362_109172400000000_CRY_1983
|7 0
|9 4050
|a BRACUL
|b BRACUL
|c GEN
|d 2009-10-10
|g 0.00
|l 0
|o 362.1091724 CRY
|p 3010004330
|r 2009-10-10
|t 1
|w 2009-10-10
|y BK
|x No price found in the accession register.
|